China

Salvato in:
Dettagli Bibliografici
Natura: Libro
Lingua:inglese
Pubblicazione: Paris OECD 2013
Serie:OECD economic surveys
Soggetti:
Tags: Aggiungi Tag
Nessun Tag, puoi essere il primo ad aggiungerne!!

MARC

LEADER 00000nam a2200000 4500
001 0176721
005 20240315120732.6
020 |a 978-92-64-18259-2 
022 |a 2072-5035 
041 0 |a eng 
044 |a FR 
245 1 0 |a China 
264 1 |a Paris  |b OECD  |c 2013 
300 |a 115 s. 
490 1 |a OECD economic surveys 
830 0 |a OECD economic surveys 
610 2 0 |a situácia hospodárska 
610 2 0 |a rast hospodársky 
610 2 0 |a reformy štruktúrne 
610 2 0 |a urbanizácia 
610 2 0 |a migrácia 
610 2 0 |a prostredie životné 
610 2 0 |a Čína